| 000 | 00796nam a2200205Ii 4500 | ||
|---|---|---|---|
| 003 | JO-AjNU | ||
| 008 | 230605s9999||||xx |||||||||||||| ||und|| | ||
| 040 |
_aJO-AjNU _bara _erda _cJO-AjNU |
||
| 041 | _aara | ||
| 050 | 1 | 4 | _aRD755 1996 |
| 100 | 3 |
_aالنماس، أحمدر فايز تأليف, _eauthor _939695 |
|
| 245 | 0 | 0 | _aهندسة الأطراف الصناعية :والأجهزة المعوضة والتقويمية |
| 250 | _aط1 | ||
| 264 | 3 | 1 | _aالاسكندرية:مكتبة ومطبعة الإشعاع الفنية،1996 |
| 300 | _a97ص | ||
| 336 |
_atext _btxt _2rdacontent |
||
| 337 |
_aunmediated _bn _2rdamedia |
||
| 338 |
_avolume _bnc _2rdacarrier |
||
| 650 | 4 |
_aالمواد المستخدمة لصناعة الاطراف-انواع الاطراف الصناعية _939696 |
|
| 999 |
_aA16786 _c20354 _d20354 |
||